[Event "Mittelfr. Einzelmeisterschaft 2012"]
[Site "Weißenburg"]
[Date "2012.04.04"]
[Round "6.6"]
[White "Koch, Walter"]
[Black "Gajewski, Richard"]
[Result "1-0"]
[WhiteElo "1839"]
[BlackElo "1730"]
[PlyCount "41"]
[EventDate "2012.??.??"]
[WhiteTeam "Cadolzburg TSV"]
[BlackTeam "Gunzenhausen FC"]

1. g3 c6 2. Bg2 e6 3. d4 f5 4. c4 Be7 5. Nc3 Nf6 6. d5 cxd5 7. cxd5 Bb4 8. dxe6
dxe6 9. Qa4+ Bd7 10. Qxb4 Nc6 11. Qd6 Rc8 12. Nf3 h6 13. O-O a6 14. Rd1 Qa5 15.
Bf4 g5 16. Be5 Rf8 17. Bxf6 Rf7 18. Ne5 Rc7 19. Nxd7 Rfxd7 20. Qxe6+ Ne7 21.
Bxe7 1-0

[Event "Mittelfr. Einzelmeisterschaft 2012"]
[Site "Weißenburg"]
[Date "2012.04.04"]
[Round "6.7"]
[White "Holland, Arthur"]
[Black "Korth, Manfred"]
[Result "0-1"]
[WhiteElo "1839"]
[BlackElo "1734"]
[PlyCount "46"]
[EventDate "2012.??.??"]
[WhiteTeam "Spvg Zabo-Eintracht Nürnberg e.V"]
[BlackTeam "Heideck-Hilpoltstein SC"]

1. e4 d6 2. d4 Nf6 3. Nc3 g6 4. f4 Bg7 5. Nf3 O-O 6. Bd3 Nc6 7. d5 Nb4 8. a3
Nxd3+ 9. Qxd3 c6 10. Bd2 a5 11. O-O-O cxd5 12. exd5 Bf5 13. Qe2 Rc8 14. Be3 Qd7
15. Rd2 b5 16. Bd4 b4 17. Bxf6 Bxf6 18. Nb1 Rc5 19. axb4 axb4 20. Rf1 Rfc8 21.
Ne1 Qa4 22. Rf2 Qa1 23. g4 Qxb2+ 0-1

[Event "Mittelfr. Einzelmeisterschaft 2012"]
[Site "Weißenburg"]
[Date "2012.04.04"]
[Round "6.8"]
[White "Fischer, Gerd"]
[Black "Hertlein, Stefan"]
[Result "1-0"]
[WhiteElo "2104"]
[BlackElo "1663"]
[PlyCount "81"]
[EventDate "2012.??.??"]
[WhiteTeam "Gunzenhausen FC"]
[BlackTeam "Treuchtlingen SC"]

1. e4 d6 2. d4 Nf6 3. Nd2 g6 4. f4 e6 5. Ngf3 Bg7 6. Bd3 O-O 7. O-O c6 8. c3 b5
9. e5 Ne8 10. Ne4 d5 11. Nc5 Nd7 12. Nb3 Qb6 13. Be3 a5 14. a3 a4 15. Nc5 Nc7
16. Qe1 Na6 17. Nxd7 Bxd7 18. h4 f5 19. exf6 Rxf6 20. g4 Rf7 21. h5 gxh5 22.
Ng5 Re7 23. Bxh7+ Kh8 24. Bg6 hxg4 25. Qh4+ Kg8 26. Nh7 Be8 27. Qxe7 Bxg6 28.
Qxe6+ Kxh7 29. f5 Bh5 30. f6 Re8 31. Qf5+ Bg6 32. Qg5 Bf8 33. Rf2 g3 34. Qxg3
Bh5 35. Rh2 Bh6 36. Bxh6 Rg8 37. Bg7 Re8 38. Rxh5+ Kg8 39. Bf8+ Kf7 40. Qg7+
Ke6 41. Re5# 1-0

[Event "Mittelfr. Einzelmeisterschaft 2012"]
[Site "Weißenburg"]
[Date "2012.04.04"]
[Round "6.9"]
[White "Gerl, Hans"]
[Black "Bader, Norbert"]
[Result "1-0"]
[WhiteElo "2059"]
[BlackElo "1494"]
[PlyCount "81"]
[EventDate "2012.??.??"]
[WhiteTeam "Zirndorf SK"]
[BlackTeam "Hersbruck SC"]

1. d4 Nf6 2. c4 e6 3. Nf3 c5 4. d5 d6 5. Nc3 Be7 6. e4 e5 7. Be2 O-O 8. h3 a6
9. Be3 Nbd7 10. O-O Qc7 11. Nd2 b6 12. g3 Re8 13. Kh2 Nf8 14. Rg1 Ng6 15. Qf1
Bd7 16. a4 Kh8 17. Qg2 Rg8 18. f4 exf4 19. gxf4 Ne8 20. Bd3 Qc8 21. Nf3 f5 22.
e5 dxe5 23. fxe5 Qb8 24. d6 Nxd6 25. Nd5 Nf7 26. Nxe7 Nxe7 27. Kh1 Ng6 28. Rae1
Qc8 29. Bd2 Be6 30. h4 Qc7 31. h5 Ngxe5 32. Bf4 Rae8 33. Nxe5 Nxe5 34. Bxe5 Qf7
35. Qg5 Qb7+ 36. Kh2 Qe7 37. Qxe7 Rxe7 38. h6 Bd7 39. hxg7+ Rexg7 40. Bxg7+
Rxg7 41. Rxg7 1-0

[Event "Mittelfr. Einzelmeisterschaft 2012"]
[Site "Weißenburg"]
[Date "2012.04.04"]
[Round "6.10"]
[White "Pöschl, Herbert"]
[Black "Müller, Roland"]
[Result "0-1"]
[WhiteElo "1611"]
[BlackElo "1837"]
[PlyCount "116"]
[EventDate "2012.??.??"]
[WhiteTeam "Weißenburg TSV"]
[BlackTeam "Lauf a.d.P. SV"]

1. d4 Nf6 2. e3 d5 3. f4 Bf5 4. Bd3 Qd7 5. Nf3 Be4 6. O-O e6 7. Ne5 Qd8 8. Nc3
Bxd3 9. Qxd3 c6 10. Bd2 Be7 11. f5 exf5 12. Qxf5 O-O 13. Rf3 g6 14. Qd3 Nbd7
15. Nxd7 Nxd7 16. e4 dxe4 17. Nxe4 f5 18. Qc4+ Kh8 19. Ng3 Bf6 20. Bc3 Qb6 21.
Kh1 Rae8 22. Rd1 Qd8 23. Qa4 Qb8 24. Qb3 h5 25. Bb4 Rg8 26. c4 h4 27. Nf1 Re4
28. Bc3 Rge8 29. Rdd3 Kh7 30. Ne3 f4 31. Nf1 g5 32. h3 b6 33. Qc2 Kh6 34. Nh2
Kg6 35. Rd1 Kg7 36. Ng4 Qc8 37. Kh2 Qd8 38. Nxf6 Nxf6 39. d5 c5 40. d6 Qd7 41.
Rd5 Kf7 42. Rxg5 Qxd6 43. Bxf6 Qxf6 44. Rg4 Kf8 45. Qd2 Ke7 46. Qd5 Qe6 47.
Qb7+ Kd8 48. Qa8+ Kc7 49. Qxa7+ Kc6 50. Qa4+ Kb7 51. Rg7+ Re7 52. Rxe7+ Qxe7
53. Rd3 Rd4 54. Rxd4 cxd4 55. Qd1 Qe3 56. Kh1 d3 57. Qg4 Qe1+ 58. Kh2 Qg3+ 0-1

[Event "Mittelfr. Einzelmeisterschaft 2012"]
[Site "Weißenburg"]
[Date "2012.04.04"]
[Round "6.11"]
[White "Horndasch, Lulu"]
[Black "Hummel, Hannes"]
[Result "1-0"]
[WhiteElo "1573"]
[BlackElo "1200"]
[PlyCount "31"]
[EventDate "2012.??.??"]
[WhiteTeam "Weißenburg TSV"]
[BlackTeam "Bad Windsheim SC"]

1. e4 e6 2. d4 d6 3. Nf3 Nd7 4. Nc3 Ne7 5. Bd3 b6 6. Be3 Bb7 7. O-O g6 8. h3
Bg7 9. Nh2 h6 10. f4 a6 11. Qd2 O-O 12. f5 e5 13. Bxh6 Bxh6 14. Qxh6 Re8 15. f6
Nc6 16. Qg7# 1-0

[Event "Mittelfr. Einzelmeisterschaft 2012"]
[Site "Weißenburg"]
[Date "2012.04.04"]
[Round "6.12"]
[White "Rebhann, Leo"]
[Black "Babichev, Vyacheslav"]
[Result "0-1"]
[WhiteElo "1517"]
[BlackElo "1765"]
[PlyCount "76"]
[EventDate "2012.??.??"]
[WhiteTeam "Erlangen BSGW"]
[BlackTeam "Nürnberg Süd SW"]

1. d4 Nf6 2. c4 e6 3. Nf3 b6 4. e3 Bb7 5. Be2 c6 6. Nc3 Be7 7. O-O O-O 8. a3 d5
9. b3 a6 10. Qc2 b5 11. cxb5 cxb5 12. Bb2 Nc6 13. b4 Rc8 14. Qd1 Bd6 15. Nb1
Ne4 16. Nbd2 f5 17. Bd3 Rf6 18. Ne5 Rh6 19. Ndf3 g5 20. Rc1 Nxe5 21. Nxe5 g4
22. Rxc8 Bxc8 23. g3 Qe8 24. f3 Qh5 25. Qe2 Bxe5 26. dxe5 gxf3 27. Rxf3 Ng5 28.
Rf1 Qg6 29. Kh1 d4 30. Bxd4 Bb7+ 31. e4 fxe4 32. Qg2 Nf3 33. Rxf3 exf3 34. Bxg6
fxg2+ 35. Kg1 Rxg6 36. Kf2 Rg4 37. Bc5 Re4 38. Bd6 Re2+ 0-1

[Event "Mittelfr. Einzelmeisterschaft 2012"]
[Site "Weißenburg"]
[Date "2012.04.04"]
[Round "6.13"]
[White "Schuster, Erwin"]
[Black "Schuster, Alfred"]
[Result "1-0"]
[WhiteElo "1282"]
[BlackElo "1636"]
[PlyCount "91"]
[EventDate "2012.??.??"]
[WhiteTeam "Treuchtlingen SC"]
[BlackTeam "Treuchtlingen SC"]

1. e4 e5 2. d4 exd4 3. Qxd4 Nc6 4. Qd1 Bb4+ 5. Bd2 Bxd2+ 6. Qxd2 Nf6 7. Nc3 O-O
8. O-O-O Re8 9. Bd3 Ne5 10. f3 c6 11. Nge2 d5 12. exd5 cxd5 13. Bb5 Bd7 14. Nf4
Bxb5 15. Nxb5 Qb6 16. Nd4 Rad8 17. b3 Nc6 18. Nf5 Qb4 19. c3 Qf8 20. Rhe1 Rxe1
21. Rxe1 g6 22. Nd4 Nxd4 23. Qxd4 Qd6 24. Re5 Re8 25. Rxe8+ Nxe8 26. Nxd5 b6
27. Qe4 Nf6 28. Nxf6+ Qxf6 29. Kc2 Kg7 30. Qd4 Qxd4 31. cxd4 Kf6 32. g4 Ke6 33.
f4 Kd5 34. Kd3 h6 35. h4 b5 36. a3 f5 37. h5 gxh5 38. g5 hxg5 39. fxg5 h4 40.
g6 Ke6 41. d5+ Kf6 42. d6 h3 43. d7 Ke7 44. g7 h2 45. d8=Q+ Kxd8 46. g8=Q+ 1-0

[Event "Mittelfr. Einzelmeisterschaft 2012"]
[Site "Weißenburg"]
[Date "2012.04.05"]
[Round "7.1"]
[White "Kroneder, Christian"]
[Black "Bolten, Daniel"]
[Result "0-1"]
[WhiteElo "2149"]
[BlackElo "2028"]
[PlyCount "78"]
[EventDate "2012.??.??"]
[WhiteTeam "Schwanstetten SK"]
[BlackTeam "Nürnberg Süd SW"]

1. Nf3 e6 2. c4 Nf6 3. Nc3 c5 4. e4 d6 5. d4 cxd4 6. Nxd4 a6 7. Be2 Be7 8. O-O
O-O 9. Be3 Nbd7 10. Qd2 Qc7 11. Rac1 b6 12. f4 Bb7 13. Bf3 Nc5 14. Qc2 Rac8 15.
g4 Rfd8 16. g5 Ne8 17. Qg2 g6 18. Rcd1 Bf8 19. f5 Ng7 20. f6 Ne8 21. b4 e5 22.
Nde2 Ne6 23. Nd5 Bxd5 24. cxd5 Nf4 25. Bxf4 exf4 26. Nxf4 Qc3 27. Ne6 fxe6 28.
dxe6 Nxf6 29. gxf6 Qxf6 30. Bg4 Qg5 31. e7 Qxe7 32. Bxc8 Rxc8 33. a3 Bg7 34.
Qa2+ Kh8 35. Qd5 Be5 36. Qd2 Qh4 37. Qg2 Rc4 38. Rde1 Rc3 39. Re2 Rh3 0-1

[Event "Mittelfr. Einzelmeisterschaft 2012"]
[Site "Weißenburg"]
[Date "2012.04.05"]
[Round "7.2"]
[White "Hein, Manfred"]
[Black "Bildt, Thomas"]
[Result "0-1"]
[WhiteElo "2087"]
[BlackElo "1994"]
[PlyCount "133"]
[EventDate "2012.??.??"]
[WhiteTeam "Gunzenhausen FC"]
[BlackTeam "Zirndorf SK"]

1. e4 e5 2. Nf3 Nc6 3. Bb5 a6 4. Bxc6 dxc6 5. d4 exd4 6. Qxd4 Bg4 7. Qxd8+ Rxd8
8. Be3 Nf6 9. Nbd2 Be7 10. Ne5 Be6 11. f3 Nd7 12. Nxd7 Rxd7 13. a3 O-O 14.
O-O-O Rfd8 15. Nb1 Rd6 16. h3 Bf6 17. Rd2 c5 18. Rhd1 c4 19. Bf4 Rxd2 20. Rxd2
Rxd2 21. Bxd2 b5 22. Bf4 c6 23. c3 Be7 24. Bc7 f5 25. Nd2 Bg5 26. Kd1 Kf7 27.
f4 Bh4 28. Nf3 Bg3 29. exf5 Bxf5 30. Ke2 Ke7 31. Be5 h6 32. Ke3 g6 33. Bg7 h5
34. Bd4 Kd6 35. Bg7 Kd5 36. Bf6 Be4 37. Bg7 a5 38. Bf6 a4 39. Bg7 Bd3 40. Nd2
c5 41. Bf6 Ke6 42. Bg5 Kf5 43. Bh6 Be1 44. Nf3 Bg3 45. Nd2 Bc2 46. Kf3 Be1 47.
g4+ Ke6 48. Ke2 Bh4 49. Nf3 Bf6 50. Kd2 Bd3 51. Ng5+ Kd5 52. Nf3 Bf1 53. Ng1 b4
54. Bg5 bxc3+ 55. bxc3 Bxg5 56. fxg5 hxg4 57. hxg4 Ke4 58. Ke1 Kd3 59. Kxf1
Kxc3 60. Ke2 Kb2 61. Nf3 c3 62. Ne1 c2 63. Nd3+ Kb1 64. Kd2 c4 65. Nc1 c3+ 66.
Kxc3 Kxc1 67. Kb4 0-1

[Event "Mittelfr. Einzelmeisterschaft 2012"]
[Site "Weißenburg"]
[Date "2012.04.05"]
[Round "7.3"]
[White "Stiller, Jürgen"]
[Black "Koch, Walter"]
[Result "1-0"]
[WhiteElo "2200"]
[BlackElo "1839"]
[PlyCount "65"]
[EventDate "2012.??.??"]
[WhiteTeam "Nürnberg Süd SW"]
[BlackTeam "Cadolzburg TSV"]

1. d4 c6 2. Nf3 d5 3. Bf4 Nf6 4. Nbd2 e6 5. e3 Bd6 6. Bxd6 Qxd6 7. Ne5 Nbd7 8.
f4 Ne4 9. Bd3 Nxd2 10. Qxd2 c5 11. c3 O-O 12. O-O f6 13. Nf3 b6 14. Rad1 Bb7
15. Qf2 Rae8 16. Qh4 g6 17. Qg3 Re7 18. h4 Rg7 19. Qh3 e5 20. fxe5 fxe5 21. Qg3
Qe7 22. Bb5 e4 23. Ng5 Nf6 24. Qe5 c4 25. Ne6 Ng4 26. Qxg7+ Qxg7 27. Rxf8+ Qxf8
28. Nxf8 Kxf8 29. Re1 Ke7 30. Ba4 a6 31. Bd1 Bc8 32. Bxg4 Bxg4 33. Kf2 1-0

[Event "Mittelfr. Einzelmeisterschaft 2012"]
[Site "Weißenburg"]
[Date "2012.04.05"]
[Round "7.4"]
[White "Wittmann, Helmut"]
[Black "Merz, Andreas"]
[Result "1-0"]
[WhiteElo "2087"]
[BlackElo "1804"]
[PlyCount "81"]
[EventDate "2012.??.??"]
[WhiteTeam "Erlangen BSGW"]
[BlackTeam "Treuchtlingen SC"]

1. d4 d5 2. c4 e6 3. Nc3 Nf6 4. Bg5 Be7 5. Nf3 O-O 6. Qc2 Nbd7 7. e3 c6 8. a3
dxc4 9. Bxc4 Nd5 10. Bxe7 Qxe7 11. O-O Nxc3 12. Qxc3 c5 13. dxc5 Nxc5 14. b4
Ne4 15. Qe5 Nf6 16. Nd4 Nd7 17. Qc7 Qd8 18. Qg3 Qf6 19. Be2 a5 20. Qc7 e5 21.
Nb5 Nb6 22. bxa5 Nd5 23. Qc5 Rd8 24. Nc7 Nxc7 25. Qxc7 Bf5 26. Qxb7 Rxa5 27.
Rfd1 Raa8 28. Rxd8+ Rxd8 29. a4 Qg6 30. Qc7 Qd6 31. Qxd6 Rxd6 32. a5 Rd7 33. a6
Ra7 34. Ra5 f6 35. f4 Kf7 36. Bc4+ Ke7 37. fxe5 fxe5 38. Rxe5+ Kf6 39. Rb5 Bc8
40. Rb8 Bxa6 41. Rb6+ 1-0

[Event "Mittelfr. Einzelmeisterschaft 2012"]
[Site "Weißenburg"]
[Date "2012.04.05"]
[Round "7.5"]
[White "Korth, Manfred"]
[Black "Link, Andreas"]
[Result "1/2-1/2"]
[WhiteElo "1734"]
[BlackElo "1968"]
[PlyCount "101"]
[EventDate "2012.??.??"]
[WhiteTeam "Heideck-Hilpoltstein SC"]
[BlackTeam "Nürnberg Zabo Spvg"]

1. Nf3 Nf6 2. g3 d5 3. Bg2 g6 4. d3 Bg7 5. Nbd2 O-O 6. O-O c5 7. e4 Nc6 8. Re1
b6 9. exd5 Nxd5 10. Nc4 Bb7 11. Rb1 Re8 12. Ne3 Nxe3 13. fxe3 Qd7 14. b3 Rad8
15. Bb2 e5 16. e4 Nd4 17. Bc1 h6 18. Rf1 b5 19. Be3 Bc8 20. Qd2 Kh7 21. Rbd1
Qc7 22. Qf2 Bg4 23. h3 Nxf3+ 24. Bxf3 Bxf3 25. Qxf3 Re7 26. Qf2 Rc8 27. Kh1 c4
28. dxc4 bxc4 29. Rd5 Qb7 30. Rfd1 cxb3 31. cxb3 f5 32. Qe2 Rec7 33. Kh2 Qb4
34. exf5 gxf5 35. Qh5 Qe4 36. Bxh6 Rc2+ 37. Bd2+ Kg8 38. Rd7 Rf8 39. h4 f4 40.
gxf4 Qxf4+ 41. Kh3 Qf6 42. Qg4 Qf3+ 43. Qxf3 Rxf3+ 44. Kg4 e4 45. Bg5 Rxa2 46.
Re1 Rg2+ 47. Kh5 e3 48. Bxe3 Bc3 49. Rg1 Rf5+ 50. Kh6 Rf6+ 51. Kh5 1/2-1/2

[Event "Mittelfr. Einzelmeisterschaft 2012"]
[Site "Weißenburg"]
[Date "2012.04.05"]
[Round "7.6"]
[White "Beck, Karl"]
[Black "Fischer, Gerd"]
[Result "1/2-1/2"]
[WhiteElo "2012"]
[BlackElo "2104"]
[PlyCount "61"]
[EventDate "2012.??.??"]
[WhiteTeam "Markt Berolzheim SC"]
[BlackTeam "Gunzenhausen FC"]

1. e4 c5 2. Nf3 d6 3. d4 cxd4 4. Nxd4 Nc6 5. c4 Nf6 6. Nc3 g6 7. Be2 Bg7 8. Be3
Bd7 9. O-O O-O 10. f4 a6 11. Kh1 Rc8 12. Qd2 Nxd4 13. Bxd4 Bc6 14. Qe3 e6 15.
Rad1 Re8 16. Bxf6 Qxf6 17. Rxd6 Bf8 18. e5 Qh4 19. Rdd1 Bc5 20. Qg3 Qxg3 21.
hxg3 Bb4 22. a3 Bxc3 23. bxc3 Re7 24. Rd4 Rec7 25. Rb1 Kg7 26. Rb6 Kf8 27. Kg1
Ke8 28. Kf2 Re7 29. g4 h6 30. Rb1 Kf8 31. Rb6 1/2-1/2

[Event "Mittelfr. Einzelmeisterschaft 2012"]
[Site "Weißenburg"]
[Date "2012.04.05"]
[Round "7.7"]
[White "Gajewski, Richard"]
[Black "Gerl, Hans"]
[Result "0-1"]
[WhiteElo "1730"]
[BlackElo "2059"]
[PlyCount "88"]
[EventDate "2012.??.??"]
[WhiteTeam "Gunzenhausen FC"]
[BlackTeam "Zirndorf SK"]

1. d4 Nf6 2. Bf4 e6 3. Nd2 c5 4. Ngf3 cxd4 5. Nxd4 d6 6. Bg3 Be7 7. e3 O-O 8.
Bd3 a6 9. a3 Nbd7 10. N4f3 Nc5 11. O-O b6 12. Be2 Bb7 13. Nc4 e5 14. Nh4 g6 15.
c3 b5 16. Nd2 e4 17. b4 Na4 18. Qb3 Ne8 19. Nxg6 hxg6 20. f4 exf3 21. Nxf3 Nb6
22. Rad1 Qc8 23. Rd4 Ra7 24. Nh4 Kg7 25. Rdf4 Bd5 26. Qc2 Qe6 27. Rg4 Bxh4 28.
Bxh4 f5 29. Rg5 Nc4 30. Bh5 Nxe3 31. Qf2 Rf6 32. Re1 f4 33. Qd2 Be4 34. Qd4 Rc7
35. Bg4 Qc4 36. Qb6 Nxg2 37. Bf2 Nxe1 38. Bd4 Qc6 39. Bxf6+ Nxf6 40. Qd4 Nd3
41. h4 Ne5 42. Rxe5 dxe5 43. Qxe5 f3 44. h5 Qxc3 0-1

[Event "Mittelfr. Einzelmeisterschaft 2012"]
[Site "Weißenburg"]
[Date "2012.04.05"]
[Round "7.8"]
[White "Vogt, Peter"]
[Black "Horndasch, Lulu"]
[Result "0-1"]
[WhiteElo "1910"]
[BlackElo "1573"]
[PlyCount "58"]
[EventDate "2012.??.??"]
[WhiteTeam "Schwanstetten SK"]
[BlackTeam "Weißenburg TSV"]

1. e4 e5 2. f4 exf4 3. Nf3 Be7 4. Bc4 Bh4+ 5. g3 fxg3 6. O-O gxh2+ 7. Kh1 Nh6
8. d4 O-O 9. Bxh6 gxh6 10. Ne5 d5 11. Bxd5 Bf6 12. Qf3 Bxe5 13. dxe5 Qe7 14.
Nc3 c6 15. Qh5 Kh8 16. Bxf7 Qg5 17. Qxh2 Bg4 18. Rf6 Nd7 19. Raf1 Nxf6 20. Rxf6
Rxf7 21. Rxf7 Rg8 22. Rf4 Bh3 23. Ne2 Bg2+ 24. Kg1 Bf3+ 25. Kf2 Bg4 26. Nc3
Qxe5 27. Qxh6 Qd4+ 28. Ke1 Qe3+ 29. Kf1 Bh3+ 0-1

[Event "Mittelfr. Einzelmeisterschaft 2012"]
[Site "Weißenburg"]
[Date "2012.04.05"]
[Round "7.9"]
[White "Müller, Roland"]
[Black "Schuster, Erwin"]
[Result "1-0"]
[WhiteElo "1837"]
[BlackElo "1282"]
[PlyCount "161"]
[EventDate "2012.??.??"]
[WhiteTeam "Lauf a.d.P. SV"]
[BlackTeam "Treuchtlingen SC"]

1. b3 e5 2. Bb2 Nc6 3. c4 Nf6 4. e3 Bb4 5. a3 Bc5 6. b4 Be7 7. Qc2 d6 8. d3 a6
9. Nd2 b5 10. cxb5 Na7 11. bxa6 Bxa6 12. Ngf3 O-O 13. Be2 e4 14. Nd4 exd3 15.
Bxd3 Bxd3 16. Qxd3 Qd7 17. O-O Nc6 18. N4b3 Ne5 19. Qe2 Qf5 20. Nd4 Qg4 21.
N2f3 Qh5 22. Nxe5 Qxe5 23. Nc6 Qe4 24. Nxe7+ Qxe7 25. Qf3 Ne4 26. Qg4 Ng5 27.
Bxg7 Kxg7 28. h4 f5 29. Qxg5+ Qxg5 30. hxg5 Kg6 31. f4 Rfe8 32. Kf2 h6 33. gxh6
Kxh6 34. Rfc1 Re7 35. a4 Rae8 36. Rc3 c5 37. b5 Re4 38. Rd3 R8e6 39. Rad1 Rxa4
40. Rxd6 Ra2+ 41. Kf3 Rg6 42. Rxg6+ Kxg6 43. Rc1 c4 44. Rxc4 Rb2 45. Rc6+ Kf7
46. b6 Ke7 47. Rc7+ Kd6 48. Rf7 Ke6 49. Rb7 Kd6 50. Rb8 Rb4 51. Rh8 Kc6 52.
Rh6+ Kb7 53. g4 fxg4+ 54. Kxg4 Re4 55. Kf3 Rb4 56. f5 Kc8 57. Re6 Kd7 58. Rh6
Kc8 59. e4 Rb3+ 60. Kf4 Rb5 61. Re6 Kd7 62. e5 Rb1 63. Rd6+ Ke7 64. f6+ Kf7 65.
Rd7+ Ke6 66. Re7+ Kd5 67. f7 Rb2 68. b7 Rb1 69. Rd7+ Ke6 70. Rc7 Rb2 71. Ke3
Rb3+ 72. Kd2 Rb2+ 73. Kc1 Rf2 74. b8=Q Rxf7 75. Qb3+ Kxe5 76. Rxf7 Ke4 77. Ra7
Kd4 78. Ra4+ Kc5 79. Qc4+ Kb6 80. Rb4+ Ka7 81. Qa2# 1-0

[Event "Mittelfr. Einzelmeisterschaft 2012"]
[Site "Weißenburg"]
[Date "2012.04.05"]
[Round "7.10"]
[White "Babichev, Vyacheslav"]
[Black "Holland, Arthur"]
[Result "1/2-1/2"]
[WhiteElo "1765"]
[BlackElo "1839"]
[PlyCount "58"]
[EventDate "2012.??.??"]
[WhiteTeam "Nürnberg Süd SW"]
[BlackTeam "Spvg Zabo-Eintracht Nürnberg e.V"]

1. b3 Nf6 2. Bb2 e6 3. Nf3 c5 4. e3 Be7 5. d3 Nc6 6. Be2 O-O 7. O-O b6 8. c4
Bb7 9. h3 Qc7 10. Nc3 a6 11. a3 Rfd8 12. Qc2 d5 13. d4 dxc4 14. Bxc4 cxd4 15.
exd4 Nxd4 16. Nxd4 Rxd4 17. Ne2 Qc6 18. f3 Rd7 19. Nd4 Bc5 20. Qf2 Qd6 21. Rad1
e5 22. Rd2 Bxd4 23. Bxd4 exd4 24. b4 Rc8 25. Bd3 Rc3 26. Ra1 Qf4 27. Bf1 Qe3
28. a4 Qxf2+ 29. Kxf2 d3 1/2-1/2

[Event "Mittelfr. Einzelmeisterschaft 2012"]
[Site "Weißenburg"]
[Date "2012.04.05"]
[Round "7.11"]
[White "Hertlein, Stefan"]
[Black "Rebhann, Leo"]
[Result "1-0"]
[WhiteElo "1663"]
[BlackElo "1517"]
[PlyCount "111"]
[EventDate "2012.??.??"]
[WhiteTeam "Treuchtlingen SC"]
[BlackTeam "Erlangen BSGW"]

1. d4 Nf6 2. e3 e6 3. c4 b6 4. Nc3 Bb7 5. Nf3 d5 6. Bd3 Be7 7. O-O Nbd7 8. b3
O-O 9. Bb2 c5 10. Rc1 a6 11. cxd5 exd5 12. dxc5 bxc5 13. Qe2 Re8 14. Rfd1 Bd6
15. Qc2 h6 16. Na4 Qe7 17. a3 Rac8 18. Bf5 Rb8 19. Qc3 Red8 20. Bxd7 Qxd7 21.
Nxc5 Bxc5 22. Qxc5 Rbc8 23. Qd4 Rxc1 24. Rxc1 Rc8 25. Rc3 Rxc3 26. Bxc3 Qd6 27.
h3 Ne8 28. Qe5 Qd8 29. Nd4 Nf6 30. Nf5 Kf8 31. Nxh6 gxh6 32. Qxf6 Qxf6 33. Bxf6
Ke8 34. Kh2 Kd7 35. Bg7 h5 36. Kg3 Ke6 37. Kf4 f6 38. g4 hxg4 39. Kxg4 Kf7 40.
Bh6 Bc8+ 41. Kg3 Kg6 42. Bf4 Bf5 43. Bc7 Bc2 44. b4 Kf5 45. f3 Bd1 46. h4 Bc2
47. Bf4 Bd1 48. h5 Bc2 49. Bh6 Bd1 50. Kf2 Bc2 51. Ke2 Ke6 52. Kd2 Ba4 53. Bf4
Kf5 54. e4+ dxe4 55. fxe4+ Kxf4 56. h6 1-0

[Event "Mittelfr. Einzelmeisterschaft 2012"]
[Site "Weißenburg"]
[Date "2012.04.05"]
[Round "7.12"]
[White "Bader, Norbert"]
[Black "Pöschl, Herbert"]
[Result "1-0"]
[WhiteElo "1494"]
[BlackElo "1611"]
[PlyCount "83"]
[EventDate "2012.??.??"]
[WhiteTeam "Hersbruck SC"]
[BlackTeam "Weißenburg TSV"]

1. d4 e6 2. Nf3 d5 3. Nc3 Nf6 4. e3 Bb4 5. Bd3 O-O 6. O-O Nbd7 7. Ne2 c5 8. c3
Ba5 9. dxc5 e5 10. Bc2 Re8 11. Ng3 Nf8 12. b4 Bc7 13. Ba4 Bd7 14. b5 e4 15. Nd4
Qe7 16. Ba3 Qe5 17. Bc1 Bg4 18. Qc2 Rec8 19. f3 Bh5 20. f4 Qe7 21. Nxh5 Nxh5
22. Ba3 Qh4 23. Nf5 Qd8 24. Qe2 g6 25. Nh6+ Kg7 26. Ng4 f5 27. Nf2 Nf6 28. Rad1
Ne6 29. c4 d4 30. exd4 Nxf4 31. Qe3 Ne6 32. Bb2 f4 33. Qe1 e3 34. Nh3 Kf8 35.
d5 Nxc5 36. Ba3 Bd6 37. Ng5 Qe7 38. Rd4 Nxa4 39. Bxd6 Qxd6 40. Rdxf4 Kg7 41.
Ne6+ Kh6 42. Rxf6 1-0

[Event "Mittelfr. Einzelmeisterschaft 2012"]
[Site "Weißenburg"]
[Date "2012.04.05"]
[Round "7.13"]
[White "Hummel, Hannes"]
[Black "Trefflich, Marcus"]
[Result "0-1"]
[WhiteElo "1200"]
[BlackElo "1423"]
[PlyCount "56"]
[EventDate "2012.??.??"]
[WhiteTeam "Bad Windsheim SC"]
[BlackTeam "Treuchtlingen SC"]

1. e4 d6 2. d4 g6 3. Nf3 e6 4. Nc3 Nd7 5. Be2 h6 6. d5 e5 7. O-O Nc5 8. Be3 Nf6
9. Bxc5 dxc5 10. Nxe5 Qe7 11. Ng4 Nxg4 12. Bxg4 Bxg4 13. Qxg4 Qe5 14. Rfd1 Bd6
15. Qh3 b5 16. Re1 b4 17. Nb1 h5 18. Qe6+ fxe6 19. dxe6 Qxh2+ 20. Kf1 O-O 21.
Ke2 Qxg2 22. Rf1 Qg4+ 23. Kd2 Qf4+ 24. Kd3 Qf3+ 25. Kc4 Qxe4+ 26. Kb5 c6+ 27.
Ka5 Bc7+ 28. Ka4 Qxc2+ 0-1